| 000 | 00745nam a2200217Ia 4500 | ||
|---|---|---|---|
| 008 | 130821s2002 sp gr spa | ||
| 020 | _a8420633909 | ||
| 040 |
_aCo-BoUCM _bspa |
||
| 041 | 0 | 0 | _aspa |
| 100 | 1 |
_aBorges, Jorge Luis _d1899-1986. _933256 |
|
| 245 | 1 | 0 |
_aSeis problemas para don Isidro Parodi _cJorge Luis Borges, Adolfo Bioy Caseres |
| 260 |
_aMadrid (España) _bAlianza ditorial _c2002 |
||
| 300 | _a183 páginas | ||
| 490 |
_aBiblioteca de Autor _v0023. |
||
| 650 | 0 | 4 |
_aLiteratura argentina _918607 |
| 650 | 0 | 4 |
_aLiteratura latinoamericana _918700 |
| 650 | 0 | 4 |
_aNovela argentina _920467 |
| 700 | 1 |
_aBioy Caseres, Adolfo _9161672 |
|
| 942 |
_cLIBRO _a18 _e1 _kA _mB732s _2DEWEY _h863.42 |
||
| 999 |
_c44817 _d44817 |
||